000 01580cad a22002775a 4500
001 L145207
008 080916s2008 xxko f f000 0 eng d
020 _a9781847752253
035 _a(Sirsi) u145207
041 0 _aeng
050 0 4 _a796.068421 $2 18
100 1 _aBall, David
245 0 0 _aDesign for play
_ba guide to creating successful play spaces
_h[electronic resource]
260 _aAnnesley
_bDCSF Publications
_c2008
505 2 _aBackground: introduction; inspiring play; inspiring play spaces -- Design for play: designing spaces for play; making other spaces more 'playable' -- Design, specification and management issues: key design, specification and maintenance issues -- Further information: where to go for help; bibliography and sources -- Appendices: glossary; index of sites; case studies
520 _aNon-statutory guidance is intended for those seeking to commission or design childrens' play areas under the capital-spending programme launched by the DCSF in April 2008. It has been written with the express intention of encouraging best practice and creativity in the design of public play space.
521 _aAdvanced
590 _aKA
651 4 _aEngland and Wales
_y1543-
690 _aENVIRONMENTAL AND LAND CONSULTANCY-PLANNING AND DEVELOPMENT-STRATEGIC PLANNING
700 1 _aButler, Nicola
700 1 _aDoyle, Phil
700 1 _aShackell, Aileen
856 4 0 _uhttps://education.gov.uk/publications/eOrderingDownload/Design%20for%20Play.pdf
_zView the item free of charge online at www.everychildmatters.gov.uk...
942 _n0
999 _c108726
_d108726